| 000 | 01019cam a22002531 4500 | ||
|---|---|---|---|
| 001 | tmp96030977 | ||
| 003 | DLC | ||
| 005 | 20260227112757.0 | ||
| 008 | 121206s1966 un af 000 0 ukro | ||
| 010 | _atmp96030977 | ||
| 040 |
_aDLC _cDLC _dDLC |
||
| 041 | 0 |
_aukr _aeng _arus |
|
| 043 | _ae-un--- | ||
| 050 | 0 | 0 |
_aPG3948.F72 _bL5 |
| 110 | 2 | _aLiteraturno-memorialʹnyĭ muzeĭ Ivana Franka. | |
| 245 | 1 | 0 |
_aLiteraturno-memorialʹnyĭ muzeĭ Ivana Franka u Lʹvovi = _bLiteraturno-memorialʹnyĭ muzeĭ Ivana Franko vo Lʹvove = Ivan Franko Literature Memorial Museum in Lviv / _c[tekst i upori͡adkuvanni͡a S. Stet͡sʹ]. |
| 246 | 3 | _aLiteraturno-memorialʹnyĭ muzeĭ Ivana Franko vo Lʹvove | |
| 246 | 3 | _aIvan Franko Literature Memorial Museum in Lviv | |
| 260 |
_aLʹviv : _b"Kameni͡ar", _c1966. |
||
| 300 |
_a21, [1] p., [18] p. of plates : _bill. ; _c17 cm. |
||
| 546 | _aTexts in Ukrainian, Russian and English. | ||
| 600 | 1 | 0 |
_aFranko, Ivan, _d1856-1916 _xMuseums _zUkraine _zLʹviv. |
| 700 | 1 | _aStet͡sʹ, Z. | |
| 999 |
_c91280 _d91280 |
||